Builders' estimating simply explained (Record no. 86670)
[ view plain ]
| 000 -LEADER | |
|---|---|
| fixed length control field | 00590cam a2200169 4500 |
| 001 - CONTROL NUMBER | |
| control field | D13444 |
| 008 - FIXED-LENGTH DATA ELEMENTS--GENERAL INFORMATION | |
| fixed length control field | 090401t1968 xxu||||| |||| 00| 0 eng d |
| 035 ## - SYSTEM CONTROL NUMBER | |
| System control number | (Sirsi) u9822 |
| 041 ## - LANGUAGE CODE | |
| Language code of text/sound track or separate title | eng |
| 100 ## - MAIN ENTRY--PERSONAL NAME | |
| Personal name | Milne, John A |
| 245 ## - TITLE STATEMENT | |
| Title | Builders' estimating simply explained |
| 260 ## - PUBLICATION, DISTRIBUTION, ETC. | |
| Place of publication, distribution, etc. | London |
| Name of publisher, distributor, etc. | George Godwin Ltd for The Builder Ltd |
| Date of publication, distribution, etc. | 1968 |
| 350 ## - PRICE (NR) (BK AM CF MU VM SE) [OBSOLETE] | |
| Price | 0 |
| 520 ## - SUMMARY, ETC. | |
| Summary, etc. | Shelf 132. Based on the 5th edition of the Standard Method of Measurement of Building Works, the RIBA conditions of contract and the National Working Rules for the Building Industry |
| 942 ## - ADDED ENTRY ELEMENTS (KOHA) | |
| Suppress in OPAC | 0 |
| 948 ## - LOCAL PROCESSING INFORMATION (OCLC); SERIES PART DESIGNATOR (RLIN) | |
| c (OCLC) | 04/03/1997 |
| Withdrawn status | Lost status | Source of classification or shelving scheme | Damaged status | Not for loan | Home library | Current library | Shelving location | Date acquired | Total Checkouts | Full call number | Barcode | Date last seen | Copy number | Price effective from | Koha item type |
|---|---|---|---|---|---|---|---|---|---|---|---|---|---|---|---|
| Dewey Decimal Classification | London | London | Basement | 14/09/1999 | SHELF 132 | 30015069 | 06/08/2019 | 1 | 06/08/2019 | Reference material |